<?xml version="1.0" encoding="UTF-8"?><OAI-PMH xmlns="http://www.openarchives.org/OAI/2.0/" xmlns:xsi="http://www.w3.org/2001/XMLSchema-instance"     xsi:schemaLocation="http://www.openarchives.org/OAI/2.0/ http://www.openarchives.org/OAI/2.0/OAI-PMH.xsd"><responseDate>2026-05-16T22:14:58Z</responseDate><request verb="GetRecord" identifier="oai:regmurcia.com:fintegr.350" metadataPrefix="marc21">http://oai.regmurcia.com/oai2/oai2.php</request><GetRecord><record><header><identifier>oai:regmurcia.com:fintegr.350</identifier><datestamp>2026-05-17</datestamp><setSpec>documentos</setSpec></header><metadata><record  xmlns="http://www.loc.gov/MARC21/slim" xmlns:xsi="http://www.w3.org/2001/XMLSchema-instance" xsi:schemaLocation="http://www.loc.gov/MARC21/slim http://www.loc.gov/standards/marcxml/schema/MARC21slim.xsd" type="Bibliographic"><leader>00000nam a2200000   4500</leader><controlfield tag="001" >005075326</controlfield><controlfield tag="003" >350</controlfield><controlfield tag="004" >A00000000</controlfield><datafield tag="245" ind1=" " ind2=" "><subfield code="a">Carta misiva de  Isabel la Católica al concejo de Murcia ordenando que Juan Benavides, capitán de frontera y otros caballeros agrupen a la gente de caballo y pie de Murcia y vayan a talar la zona de Huéscar y otras tierras fronterizas del reino de Granada.</subfield></datafield><datafield tag="300" ind1=" " ind2=" "><subfield code="c">150 x 220 mm.</subfield></datafield><datafield tag="351" ind1=" " ind2=" "><subfield code="a">Unidad Documental</subfield><subfield code="c">Archivo de Murcia. Array</subfield><subfield code="a">Unidad Documental</subfield><subfield code="c">Archivo de Murcia. Array</subfield></datafield><datafield tag="351" ind1=" " ind2=" "><subfield code="b">Nº 50</subfield></datafield><datafield tag="506" ind1=" " ind2=" "><subfield code="a">Acceso restringido</subfield></datafield><datafield tag="510" ind1=" " ind2=" "><subfield code="a">Pub.  MORATALLA COLLADO, ANDREA. Documentos de los Reyes Católicos 1475-1491. Murcia: Academia Alfonso X el Sabio, 2003, p. 501</subfield></datafield><datafield tag="520" ind1=" " ind2=" "><subfield code="a">Isabel la Católica ordena agrupar a la gente de caballo y pie de Murcia, dirigidos por Juan de Benavides, Rodrigo Manrique y Pedro Vaca, para ser enviados a talar las tierras de Huéscar y otras zonas fronterizas del reino de Granada que no están acogidas a la tregua que se tiene con Granada.</subfield></datafield><datafield tag="583" ind1=" " ind2=" "><subfield code="u">http://www.regmurcia.com/servlet/s.Sl?METHOD=VERDOCUMENTO&amp;sit=serv,Carmesi&amp;n=/01/947/indice.djvu</subfield></datafield><datafield tag="592" ind1=" " ind2=" "><subfield code="a">1484-05-06</subfield></datafield><datafield tag="592" ind1=" " ind2=" "><subfield code="d">1484-05-06 00:00:00</subfield></datafield><datafield tag="651" ind1=" " ind2=" "><subfield code="a">Linares</subfield></datafield><datafield tag="786" ind1=" " ind2=" "><subfield code="o">http://www.regmurcia.com/servlet/s.Sl?METHOD=VERDOCUMENTO&amp;sit=serv,Carmesi&amp;n=/01/947/indice.djvu</subfield></datafield><datafield tag="856" ind1=" " ind2=" "><subfield code="u">http://www.regmurcia.com/servlet/s.Sl?METHOD=DETALLE&amp;sit=c,373,m,139,serv,Carmesi&amp;id=350</subfield></datafield></record></metadata></record></GetRecord></OAI-PMH>
